Chango, el gran putas (Registro nro. 9185)

Detalles MARC
000 -CABECERA
Longitud fija campo de control 01732nam a2200385 i 4500
003 - IDENTIFICADOR DEL NUMERO DE CONTROL
Identificador del número de control CO-ViMGA
005 - FECHA Y HORA DE LA ULTIMA TRANSACCION
Fecha y hora de la última transacción 20230915224423.0
008 - CODIGOS DE INFORMACION DE LONGITUD FIJA
Códigos de información de longitud fija 201030s2020 ck e s000 fdspa d
020 ## - NUMERO INTERNACIONAL NORMALIZADO PARA LIBROS
Número Internacional Normalizado para Libros (ISBN) 9789585599994
040 ## - FUENTE DE LA CATALOGACION
Centro catalogador de origen CO-ViMGA
Lengua de catalogación spa
Centro transcriptor CO-ViMGA
043 ## - CODIGO DE AREA GEOGRAFICA
Código de área geográfica s-ck---
084 ## - Clasificación Local Alfanúmerica PNLB
Número de clasificación N ZAP2
100 1# - PUNTO DE ACCESO PRINCIPAL-NOMBRE DE PERSONA
Nombre de persona Zapata Olivella, Manuel
Fechas asociadas al nombre 1920-2004
Término indicativo de función autor
245 10 - TITULO PROPIAMENTE DICHO
Título Chango, el gran putas
Resto del título novela (1963)
Mención de responsabilidad, etc. Manuel Zapata Olivella
250 ## - MENCION DE EDICION
Mención de edición Quinta edicion
300 ## - DESCRIPCION FISICA
Extensión 697 paginas
Dimensiones 24 cm
490 0# - MENCION DE SERIE
Mención de serie Año Manuel Zapata Olivella. Ministerio de Cultura
500 ## - NOTA GENERAL
Nota general Edicion coeditada por las siguientes instituciones colombianas: Ministerio de Cultura, Instituto Caro y Cuervo, Biblioteca Nacional de Colombia, Universidad del Valle, Universidad de Cartagena, Universidad de Cordoba, Universidad Tecnologica de Pereira
500 ## - NOTA GENERAL
Nota general Incluye glosario y analisis de la obra al final del texto
600 14 - PUNTO DE ACCESO ADICIONAL DE MATERIA - NOMBRE DE PERSONA
Nombre de persona Zapata Olivella, Manuel
Fechas asociadas al nombre 1920-2004
Subdivisión de materia general (R ) Critica e interpretacion
650 17 - PUNTO DE ACCESO ADICIONAL DE MATERIA - TERMINO DE MATERIA
Fuente del encabezamiento LEMB
Término de materia o nombre geográfico como elemento inicial Autores colombianos
Subdivisión cronológica Siglo XX
650 17 - PUNTO DE ACCESO ADICIONAL DE MATERIA - TERMINO DE MATERIA
Fuente del encabezamiento LEMB
Término de materia o nombre geográfico como elemento inicial Familias negras
Subdivisión de materia general Aspectos sociales
-- Historia
Subdivisión de forma Novela
650 17 - PUNTO DE ACCESO ADICIONAL DE MATERIA - TERMINO DE MATERIA
Fuente del encabezamiento LEMB
Término de materia o nombre geográfico como elemento inicial Literatura colombiana
Subdivisión cronológica Siglo XX
650 17 - PUNTO DE ACCESO ADICIONAL DE MATERIA - TERMINO DE MATERIA
Fuente del encabezamiento LEMB
Término de materia o nombre geográfico como elemento inicial Negros en America
Subdivisión de materia general Historia
Subdivisión de forma Novela
650 17 - PUNTO DE ACCESO ADICIONAL DE MATERIA - TERMINO DE MATERIA
Fuente del encabezamiento LEMB
Término de materia o nombre geográfico como elemento inicial Novela colombiana
Subdivisión cronológica Siglo XX
650 17 - PUNTO DE ACCESO ADICIONAL DE MATERIA - TERMINO DE MATERIA
Fuente del encabezamiento LEMB
Término de materia o nombre geográfico como elemento inicial Sagas
Subdivisión de forma Novela
710 #2 - PUNTO DE ACCESO ADICIONAL - NOMBRE DE ENTIDAD
Nombre de entidad o nombre de jurisdicción como elemento inicial Insituto Caro y Cuervo
710 12 - PUNTO DE ACCESO ADICIONAL - NOMBRE DE ENTIDAD
Nombre de entidad o nombre de jurisdicción como elemento inicial Colombia
Unidad subordinada Ministerio de Cultura
710 2# - PUNTO DE ACCESO ADICIONAL - NOMBRE DE ENTIDAD
Nombre de entidad o nombre de jurisdicción como elemento inicial Biblioteca Nacional de Colombia
710 2# - PUNTO DE ACCESO ADICIONAL - NOMBRE DE ENTIDAD
Nombre de entidad o nombre de jurisdicción como elemento inicial Universidad de Cartagena
710 2# - PUNTO DE ACCESO ADICIONAL - NOMBRE DE ENTIDAD
Nombre de entidad o nombre de jurisdicción como elemento inicial Universidad de Cordoba
710 2# - PUNTO DE ACCESO ADICIONAL - NOMBRE DE ENTIDAD
Nombre de entidad o nombre de jurisdicción como elemento inicial Universidad del Valle
710 2# - PUNTO DE ACCESO ADICIONAL - NOMBRE DE ENTIDAD
Nombre de entidad o nombre de jurisdicción como elemento inicial Universidad Tecnologica de Pereira
942 ## - ENTRADA DE ELEMENTOS AGREGADOS (KOHA)
Fuente de clasificaión o esquema Dewey Decimal Classification
Koha [por defecto] tipo de item LIbro
Existencias
Perdido Fuente de clasificación o esquema Estado Físico No para préstamo Forma de adquisición Localización permanente Localización actual Localización en estanterías Fecha adquisición Préstamos totales Signatura completa Código de barras Fecha última consulta Número de copia Fecha del precio de reemplazo Tipo de item de Koha Coste, precio normal de compra Fecha último préstamo Número de registro Note pública Fuente de adquisición
  Dewey Decimal Classification     Colección General Biblioteca Pública Dorado Biblioteca Pública Dorado Literatura 02/22/2023   NZAP2 DOR01835 02/22/2023 Ej.1 02/22/2023 LIbro          
  Dewey Decimal Classification     Colección General Biblioteca Pública José Eustasio Rivera - San Martin Biblioteca Pública José Eustasio Rivera - San Martin Literatura 06/08/2023   N ZAP2 SM001705 06/08/2023 Ej.2 06/08/2023 LIbro          
  Dewey Decimal Classification     Colección General Biblioteca Pública Puerto López - Jorge Eliecer Gaitán Biblioteca Pública Puerto López - Jorge Eliecer Gaitán General 10/02/2025   N ZAP2 PLZ02882 10/02/2025 Ej.1 10/02/2025 Libro Literatura          
  Dewey Decimal Classification     Sala General Biblioteca Comunitaria - Villavicencio Biblioteca Comunitaria - Villavicencio   03/10/2021   N ZAP2 34508 03/10/2021   03/10/2021 LIbro 12238.00        
  Dewey Decimal Classification     Colección General Biblioteca Pública El Castillo - Alfonso Meneses Biblioteca Pública El Castillo - Alfonso Meneses Literatura 07/12/2023   N ZAPA2 EC02179 07/12/2023 Ej.1 07/12/2023 LIbro          
  Dewey Decimal Classification     Colección General Biblioteca Pública Cabuyaro Biblioteca Pública Cabuyaro Literatura 07/06/2023   NZAP2 CAB000524 07/06/2023 Ej.1 07/06/2023 LIbro          
  Dewey Decimal Classification     Colección General Biblioteca Pública Castilla La Nueva -Ecobiblioteca Biblioteca Pública Castilla La Nueva -Ecobiblioteca Literatura 11/16/2024   N ZAP2 CLN00084 11/16/2024 Ej.1 11/16/2024 Libro Literatura          
        Literatura General Biblioteca Pública Departamental Eduardo Carranza - Villavicencio Biblioteca Pública Departamental Eduardo Carranza - Villavicencio Literatura 07/06/2021   N ZAP2ch ECA27966 11/26/2024 Ej.1 11/26/2024 LIbro       20982 | 26931  
  Dewey Decimal Classification     Sala General Segundo Piso Biblioteca Pública Germán Arciniegas - Villavicencio Biblioteca Pública Germán Arciniegas - Villavicencio   03/10/2021 1 N ZAP2 39031 10/24/2022   08/10/2021 LIbro 12238.00 10/20/2022      
  Dewey Decimal Classification     Literatura General Biblioteca Pública Granada - Boca del Monte Biblioteca Pública Granada - Boca del Monte Literatura 03/12/2026   N ZAP2 GRDA05205 03/12/2026 Ej.1 03/12/2026 LIbro         BIBLIOTECA NACIONAL DE COLOMBIA
  Dewey Decimal Classification     Colección General Biblioteca Pública La Macarena Biblioteca Pública La Macarena Literatura 01/11/2024   N ZAP2 LM00658 01/11/2024 Ej.1 01/11/2024 LIbro          
  Dewey Decimal Classification     Colección General Biblioteca Pública Mapiripan - Jorge Eliecer Gaitán Biblioteca Pública Mapiripan - Jorge Eliecer Gaitán Literatura 01/21/2025   N ZAP2 MPJG0072 01/21/2025 Ej.1 01/21/2025 LIbro          
  Dewey Decimal Classification       Biblioteca Pública Mesetas - Franco lodo Poloxi Biblioteca Pública Mesetas - Franco lodo Poloxi Literatura 10/24/2024   N ZAP2 ME000526 10/24/2024 Ej.1 10/24/2024 LIbro     9789585599994    
  Dewey Decimal Classification     Colección General Biblioteca Pública Uribe - Reinerio Arenas Biblioteca Pública Uribe - Reinerio Arenas Literatura 12/16/2024   N ZAP2 URI01890 12/16/2024 Ej.1 12/16/2024 Libro Literatura          
  Dewey Decimal Classification       Biblioteca Pública Vistahermosa Biblioteca Pública Vistahermosa   04/07/2025   N ZAP2 VIST 0001771 04/07/2025 Ej.1 04/07/2025 LIbro     N ZAP2 EJ.1    









Instituto Departamental de Cultura del Meta - Red Departamental de Bibliotecas Públicas del Meta.